Stati Italiani dopo il congresso di Vienna (1816) - Statistics

Statistiche generali
  • Questo quiz è stato fatto 95 volte
  • Il punteggio medio è 7 su 11
Risposte nella Mappa
Le risposte nella mappa del quiz sottostante sono codificate secondo una scala di colori dal rosso al verde in base alla % di persone che hanno risposto correttamente.
 
Statistiche sulle risposte
Stato Stati Itaiani % Corretto
Indipendente Regno di Sardegna
99%
Indipendente Granducato di Toscana
94%
Indipendente Regno delle Due Sicilie
94%
Indipendente Repubblica di San Marino
84%
Indipendente Stato Pontificio
84%
Indipendente Ducato di Lucca
61%
Indipendente Principato di Monaco
61%
Indipendente Ducato di Parma e Piacenza
40%
Indipendente Ducato di Massa e Carrara
29%
Indipendente Ducato di Modena e Reggio
29%
Indipendente Repubblica di Cospaia
26%
Nessun quiz corrispondente trovato
Distribuzione punteggi
Percentuale di utenti per punteggio
Percentile per numero di risposta
I tuoi punteggi nel tempo
Non hai fatto questo quiz